000 00361nam a2200145Ia 4500
008 220120s9999||||xx |||||||||||||| ||und||
020 _a9788131700907
082 _a621.381 028 BEL
100 _aBell, David A
245 0 _aElectronic In rumentation
250 _a2nd
260 _aPHI
_bNew Delhi
_c2010
300 _axvii;776+CD
_b610
650 _aMECHANICAL
999 _c132613
_d132613